Biology: A guide to the natural world (Record no. 87)

MARC details
000 -LEADER
fixed length control field 00492nam a2200181Ia 4500
008 - FIXED-LENGTH DATA ELEMENTS--GENERAL INFORMATION
fixed length control field 230917s9999||||xx |||||||||||||| ||und||
020 ## - ISBN
Price RS 989.00
040 ## - CATALOGING SOURCE
-- 5001758
Original cataloging agency VIVEKANANDA LIBRARY
041 ## - Language
-- English
082 ## - DDC NUMBER
Classification number 570 K914B(5)
100 ## - MAIN ENTRY--PERSONAL NAME
Personal name Krogh, David
245 #0 - TITLE STATEMENT
Title Biology: A guide to the natural world
250 ## - EDITION STATEMENT
Edition statement 5th ed.
260 ## - PUBLICATION, DISTRIBUTION, ETC. (IMPRINT)
Place of publication, distribution, etc Noida
Name of publisher, distributor, etc Pearson India Education Services
Date of publication, distribution, etc 2017
300 ## - PHYSICAL DESCRIPTION
Pages xi, 807 p.
500 ## - GENERAL NOTE
General note 3720 03/12/2019 HBD19/8082 19/12/2019 Main Budget
942 ## - ADDED ENTRY ELEMENTS (KOHA)
Koha item type Books
Holdings
Withdrawn status Lost status Damaged status Not for loan Location (home branch) Sublocation or collection (holding branch) Date acquired Koha issues (times borrowed) Koha full call number Accession No. Koha date last seen Koha item type
        VIVEKANANDA LIBRARY VIVEKANANDA LIBRARY 12/01/2020 3 570 K914B(5) 395551 02/04/2026 Books
© Designed and Maintained by Vivekananda Library, MDU Rohtak